000 00347nam a22001217a 4500
005 20250820175705.0
008 250820b |||||||| |||| 00| 0 eng d
082 _a005
_bFRE-M
100 _aFreund and Schmieder (Shelly Cashman Series)
245 _aMicrosoft Windows 10 Comprehensive
650 _aComputer/Microsoft Office & Windows
999 _c37034
_d37034